Creating wealth
| Main Author: | |
|---|---|
| Format: | Book |
| Published: |
London :
Nicholas brealey publishing ,
1999
|
| Subjects: |
MARC
| LEADER | 00000cam a2200000 7i4500 | ||
|---|---|---|---|
| 001 | 0000078951 | ||
| 005 | 20180322.0 | ||
| 008 | 180312 | ||
| 020 | |a 1857882393 | ||
| 020 | |a 9781857882391 | ||
| 041 | 0 | |a English | |
| 090 | 0 | 0 | |a 158.1 |b THU |
| 100 | 1 | |a Thurow,Lester | |
| 245 | 0 | 0 | |a Creating wealth |c Lester Thurow |
| 260 | |a London : |b Nicholas brealey publishing , |c 1999 | ||
| 300 | |a 301p. : |b 23cm | ||
| 500 | |a Adult | ||
| 541 | 0 | 0 | |c Donation books |
| 650 | 0 | |a success | |
| 650 | 0 | |a wealth | |
| 999 | |a 0001510724 |b Book |c Adult Collection |e Perbadanan Perpustakaan Awam Johor | ||